=LDR 00000nam 2200000 4500 =001 NUTBA000000000001900 =005 20140522164732.0 =006 =007 =008 =020 ##$$a 978-602-7617-03-9 =035 ##$$a 0010-051400000000365 =082 ##$$a 415-Dil-k =100 ##$$a Dila Candra Kirana =245 ##$$a Kamus lengkap sinonim & antonim indonesia =260 ##$$a Jakarta $b Kunci Aksara $c 2012 =300 ##$$a 160 hlm $c 21 cm =990 ##$$a 21400613/BPAP-NTB/20142014 =990 ##$$a 0001/BPAP-NTB/20142014